000 00528cam a2200193ua 4500
001 1339
008 110702n ii |||gr||||Z||||||asm
040 _cMAIN
082 _a301
100 1 _aBarthakur, Birendra Nath.,
245 1 _aArthanoitik unnayanar samajtatta.
_cBy Birendra Nath Barthakur.
250 _a1st.
260 _aDibrugarh.:
_bUpasana publishing .,
_c2005.
300 _a167 p.:
_c20 cm.
653 _aSociology.
653 _aArthanaitik unnayanar samajtatta.
700 _aBordoloi, Ruprekha.,
942 _cBK
999 _c1237
_d1237